| 000 | 00806nas a2200265 4500 | ||
|---|---|---|---|
| 001 | BR9803581 | ||
| 003 | BR-BrBNA | ||
| 005 | 20231205100827.0 | ||
| 007 | ta | ||
| 008 | 230509b bl.|||p| |||| 00| 00por d | ||
| 040 |
_aBR-BrBNA _bpor _cBiblioteca Nacional de Agricultura |
||
| 041 | _a(Pt) | ||
| 072 | _aF30 | ||
| 100 | 1 | _aPacheco, C.A.P. | |
| 100 | 1 | _aRamalho, M.A.P. | |
| 100 | 1 | _aMagnavaca, R. | |
| 245 | 1 | _aInteracao genotipos x ambientes na avaliacao de progenies de meios-irmaos de milho | |
| 650 | _aMilho | ||
| 650 | _aGenotipo | ||
| 650 | _aProgenie | ||
| 650 | _aMelhoramento Genetico Vegetal | ||
| 773 | 0 |
_tPesquisa Agropecuaria Brasileira (Brazil) _xISSN 0100-204X _g(Apr 1998), v. 33(4) p. 433-439 _wBR9803581 |
|
| 909 |
_a202311 _bLúcia _c55 _dLúcia Elande |
||
| 942 |
_2AGRIS _n0 _cANA |
||
| 999 |
_c158311 _d158311 |
||